| 000 | 02759cam a22006614i 4500 | ||
|---|---|---|---|
| 003 | PE-LiUPU | ||
| 005 | 20260504113119.0 | ||
| 008 | 150617s1971 sp r 000 0 spa d | ||
| 035 | _a(Sirsi) a11260 | ||
| 040 |
_aPE-LiUPU _bspa _cPE-LiUPU _dPE-LiUPU _erda |
||
| 041 | 1 |
_aspa _heng |
|
| 049 | _aPRUA | ||
| 082 | 0 | 4 |
_a158.1 _bP358s _220 |
| 100 | 1 |
_aPeale, Norman Vincent, _d1898-1993 _eautor. _98515 |
|
| 245 | 1 | 4 |
_aLos sorprendentes resultados del pensamiento tenaz / _cNorman Vincent Peale; traducido por Anna Murià. |
| 250 | _aCuarta edición. | ||
| 264 | 1 |
_aBarcelona : _bEditorial Grijalbo, _c1971. |
|
| 300 |
_a250 páginas ; _c21 cm |
||
| 336 |
_atext _2rdacontent |
||
| 337 |
_aunmediated _2rdamedia |
||
| 338 |
_avolume _2rdacarrier |
||
| 490 | 0 |
_aObras completas de Norman Vicent Peale ; _v3 |
|
| 505 | 0 | _a¿El pensamiento positivo es siempre eficaz? -- Prepare su mente para el éxito -- No más fracasos para usted -- La clase de gente que gusta a la gente -- Puede haber mucho gozo en la vida -- La maravillosa ley de la abundancia -- Qué hacer ante lo que uno teme -- Cómo sentir verdadera seguridad -- Cómo tratar sus dificultades -- No deje que la presión lo presione -- Mejor salud gracias al pensamiento tenaz -- Cómo tratar sus dificultades -- No deje que la presión lo presione -- Mejor salud gracias al pensamiento tenaz -- Cómo casarse y ser feliz -- Aprenda a vivir con las fuerzas espirituales que nos rodean -- Se puede lograr la máxima fuerza en el punto más débil. | |
| 526 | _aSEG68 | ||
| 526 | _aSEG70 | ||
| 526 | _aSEG69 | ||
| 526 | _aSEG67 | ||
| 526 | _aSEG43 | ||
| 526 | _aP144 | ||
| 526 | _aP143 | ||
| 526 | _aP131 | ||
| 526 | _aP122 | ||
| 526 | _aP120 | ||
| 526 | _aP117 | ||
| 526 | _aP112 | ||
| 526 | _aP110 | ||
| 526 | _aP106 | ||
| 526 | _aP101 | ||
| 526 | _aP80 | ||
| 526 | _aP59 | ||
| 526 | _aP54 | ||
| 526 | _aP35 | ||
| 526 | _aP33 | ||
| 526 | _aP30 | ||
| 534 |
_pTítulo original : _tThe amazing results of positive thinking. |
||
| 650 | 1 | 4 |
_aAutoayuda _95814 |
| 650 | 2 | 4 |
_aPensamiento positivo _98517 |
| 650 | 2 | 4 |
_aÉxito _xAspectos psicológicos. _95209 |
| 650 | 2 | 4 |
_aDesarrollo personal _98159 |
| 700 |
_aMurià, Anna, _etraductor. _98519 |
||
| 910 | _ajck | ||
| 942 |
_2ddc _cBOOK |
||
| 949 |
_a153.422 V71 _wDEWEY _c1 _i17129 _lCCODEBUL1 _mBUL _p10.00 _r0 _sY _tBOOK _u19790906 _xBIBLIOTECA _zUNKNOWN _0COMPRA _o.STAFF. Colección Ciencias de la Salud |
||
| 949 |
_a153.422 V71 _wDEWEY _c2 _i11488 _lCCODEBUL1 _mBUL _p10.00 _r0 _sY _tBOOK _u19790906 _xBIBLIOTECA _zUNKNOWN _0COMPRA _o.STAFF. Colección Ciencias de la Salud |
||
| 980 |
_818226 _gJaime Vilcazán Jefe de Análisis Documental |
||
| 999 |
_c1393 _d1393 |
||